Kabale University Library Catalogue

Principles of virology / (Record no. 6196)

MARC details
000 -LEADER
fixed length control field 03682cam a22003858i 4500
003 - CONTROL NUMBER IDENTIFIER
control field OSt
005 - DATE AND TIME OF LATEST TRANSACTION
control field 20260408100634.0
008 - FIXED-LENGTH DATA ELEMENTS--GENERAL INFORMATION
fixed length control field 200415s2020 nju b 001 0 eng
020 ## - INTERNATIONAL STANDARD BOOK NUMBER
International Standard Book Number 9781683670322
Qualifying information (set)
020 ## - INTERNATIONAL STANDARD BOOK NUMBER
International Standard Book Number 9781683672845
Qualifying information (v. 1 ;
-- paperback)
020 ## - INTERNATIONAL STANDARD BOOK NUMBER
International Standard Book Number 9781683672852
Qualifying information (v. 2 ;
-- paperback)
020 ## - INTERNATIONAL STANDARD BOOK NUMBER
Canceled/invalid ISBN 9781683672821
Qualifying information (v. 1 ;
-- adobe pdf)
020 ## - INTERNATIONAL STANDARD BOOK NUMBER
Canceled/invalid ISBN 9781683673606
Qualifying information (v. 1 ;
-- epub)
020 ## - INTERNATIONAL STANDARD BOOK NUMBER
Canceled/invalid ISBN 9781683672838
Qualifying information (v. 2 ;
-- adobe pdf)
020 ## - INTERNATIONAL STANDARD BOOK NUMBER
Canceled/invalid ISBN 9781683673590
Qualifying information (v. 2 ;
-- epub)
020 ## - INTERNATIONAL STANDARD BOOK NUMBER
Canceled/invalid ISBN 9781683670339
Qualifying information (adobe pdf)
020 ## - INTERNATIONAL STANDARD BOOK NUMBER
Canceled/invalid ISBN 9781683673583
Qualifying information (epub)
040 ## - CATALOGING SOURCE
Original cataloging agency kablib
Language of cataloging eng
Description conventions rda
Transcribing agency kablib
082 00 - DEWEY DECIMAL CLASSIFICATION NUMBER
Classification number 616.9101
Edition number 23
Item number PRI
245 10 - TITLE STATEMENT
Title Principles of virology /
Statement of responsibility, etc. Jane Flint, Department of Molecular Biology, Princeton University, Princeton, New Jersey, Vincent R. Racaniello, Department of Microbiology & Immunology, Vagelos College of Physicians and Surgeons, Columbia University, New York, New York, Glenn F. Rall, Fox Chase Cancer Center, Philadelphia, Pennsylvania, Theodora Hatziioannou, The Rockefeller University, New York, New York, Anna Marie Skalka, Fox Chase Cancer Center, Philadelphia, Pennsylvania.
250 ## - EDITION STATEMENT
Edition statement 5 ed.
264 #1 - PRODUCTION, PUBLICATION, DISTRIBUTION, MANUFACTURE, AND COPYRIGHT NOTICE
Place of production, publication, distribution, manufacture Hoboken, NJ :
Name of producer, publisher, distributor, manufacturer Wiley & American Society for Microbiology,
Date of production, publication, distribution, manufacture, or copyright notice 2020.
300 ## - PHYSICAL DESCRIPTION
Extent xxv, 582 p. ;
Other physical details ill (col.),
Dimensions 28 cm.
440 ## - SERIES STATEMENT/ADDED ENTRY--TITLE
Volume/sequential designation vol. 1
504 ## - BIBLIOGRAPHY, ETC. NOTE
Bibliography, etc. note Includes bibliographical references and index.
505 0# - FORMATTED CONTENTS NOTE
Formatted contents note volume 1. Molecular biology
520 ## - SUMMARY, ETC.
Summary, etc. "All five editions of this textbook have been written according to the authors' philosophy that the best approach to teaching introductory virology is by emphasizing shared principles. Studying the common steps of the viral reproductive cycle illustrated with a set of representative viruses, and considering mechanisms by which these viruses can cause disease, provides an integrated overview of the biology of these infectious agents. Such knowledge cannot be acquired by learning a collection of facts about individual viruses. Consequently, the major goal of this book is to define and illustrate the basic principles of virus biology. In this information-rich age, the quantity of data describing any given virus can be overwhelming, if not indigestible, for student and expert alike. The urge to write more and more about less and less is the curse of reductionist science and the bane of those who write textbooks meant to be used by students. In the fifth edition, we continue to distill information with the intent of extracting essential principles, while providing descriptions of how the information was acquired, and tools to encourage our readers' exploration of the primary literature. Boxes are used to emphasize major principles and to provide supplementary material of relevance, from explanations of terminology to descriptions of trailblazing experiments. Our goal is to illuminate process and strategy as opposed to listing facts and figures. In an effort to make the book readable, we have been selective in our choice of viruses that are used as examples. The encyclopedic Fields' Virology (Knipe DM, Howley PM (ed). 2020. Fields Virology, 7th ed. Lippincott Williams & Wilkins, Philadelphia, PA.) is recommended as a resource for detailed reviews of specific virus families"--
Assigning source Provided by publisher.
650 #0 - SUBJECT ADDED ENTRY--TOPICAL TERM
Topical term or geographic name entry element Virology.
9 (RLIN) 15753
700 1# - ADDED ENTRY--PERSONAL NAME
Personal name Racaniello, V. R.
Fuller form of name (Vincent R.),
Relator term author.
9 (RLIN) 15754
700 1# - ADDED ENTRY--PERSONAL NAME
Personal name Rall, Glenn F.,
Relator term author.
9 (RLIN) 15755
700 1# - ADDED ENTRY--PERSONAL NAME
Personal name Hatziioannou, Theodora,
Relator term author.
9 (RLIN) 15756
700 1# - ADDED ENTRY--PERSONAL NAME
Personal name Skalka, Anna Marie,
Relator term author.
9 (RLIN) 15757
776 08 - ADDITIONAL PHYSICAL FORM ENTRY
Relationship information Online version:
Main entry heading Flint, Jane,
Title Principles of virology
Edition Fifth edition.
Place, publisher, and date of publication Hoboken : Wiley, 2020.
International Standard Book Number 9781683670339
Record control number (DLC) 2020013723
942 ## - ADDED ENTRY ELEMENTS (KOHA)
Source of classification or shelving scheme Dewey Decimal Classification
Koha item type Book
Holdings
Withdrawn status Lost status Source of classification or shelving scheme Damaged status Not for loan Home library Current library Shelving location Date acquired Source of acquisition Total Checkouts Full call number Barcode Date last seen Price effective from Koha item type
    Dewey Decimal Classification     School of Medicine Library School of Medicine Library Reserve Section 08.04.2026 Purchased   616.9101 PRI 14789 08.04.2026 08.04.2026 Book
    Dewey Decimal Classification     School of Medicine Library School of Medicine Library Open Access Section 08.04.2026 Purchased   616.9101 PRI 14790 08.04.2026 08.04.2026 Book
    Dewey Decimal Classification     School of Medicine Library School of Medicine Library Open Access Section 08.04.2026 Purchased   616.9101 PRI 14791 08.04.2026 08.04.2026 Book

Kabale University Library | Kabale University P.O Box 317, Kabale, Uganda
Tel : +256754017033, +256774661503 E-mail : library@kab.ac.ug